Peninsulas by Hints - Statistics

General Stats
  • This quiz has been taken 19 times
  • The average score is 18 of 24
Answer Stats
Hint Answer % Correct
Contains 5 countries, all of whom speak Arabic Arabian
94%
Contains Miami and Tampa Bay Florida
94%
Famous resort peninsula of Mexico Yucatan
94%
Purchased by the U.S from Russia in 1867 Alaska
89%
Mexican peninsula that shares part of it's name with a U.S state Baja California
89%
Contains the city of Sevastopol Crimea
89%
Peninsula split by a DMZ Korea
89%
Makes up most of Turkey Anatolia
83%
Juts in to the Mediterranean sea just South of the Alps Apennine
83%
Formerly contained Yugoslavia Balkans
83%
Used to border Sri Lanka Deccan
83%
North of the strait of Gibraltar Iberia
83%
Far Eastern Russian peninsula Kamchatka
83%
Peninsula East of the Suez Sinai
83%
French peninsula and Celtic nation Brittany
78%
Contains half of Malaysia Indochina
72%
South of the Gulf of Aden Horn of Africa
67%
Southern Greek peninsula Peloponnese
67%
A unsuccessful ANZAC campaign happened on this peninsula during WW1 Gallipoli
61%
Shares it's name with a WW1 naval battle Jutland
61%
Peninsula with the most coastline Scandinavia
61%
Russian peninsula with a major Sami population Kola
50%
Contains Northern Quebec Labrador
50%
Australia's closest part to Papua New Guinea Cape York
28%
No matching quizzes found
Score Distribution
Percent of People with Each Score
Percentile by Number Answered
Your Score History
You have not taken this quiz